Sunglasses at Night lyrics (Corey Hart) - Statistics

General Stats
  • This quiz has been taken 13 times
  • The average score is 194 of 266
Answer Stats
Lyrics % Correct
I
100%
me
100%
me?
100%
my
100%
she
100%
She
100%
sunglasses
100%
wear
100%
and
91%
And
91%
at
91%
can,
91%
can
91%
eyes
91%
night
91%
she's
91%
She's
91%
So
91%
so
91%
the
91%
Don't
82%
in
82%
of
82%
be
73%
got
73%
security
73%
to
73%
control
64%
her
64%
It
64%
it
64%
say
64%
believe
55%
can't
55%
cuts
55%
guy
55%
no
55%
turn
55%
with
55%
you
55%
deceiving
45%
Keep
45%
on
45%
See
45%
track
45%
visions
45%
your
45%
blade
36%
'Cause
36%
collect
36%
oh
36%
Oh
36%
said
36%
shades,
36%
before
27%
masquerade
27%
switch
27%
that's
27%
Watch
27%
While
27%
while
27%
breathe
18%
cry
18%
Has
18%
light
18%
made
18%
then
18%
weave
18%
afraid
9%
claim
9%
Forget
9%
now
9%
right
9%
storylines
9%
escape
0%
name
0%
No matching quizzes found
Score Distribution
Percent of People with Each Score
Percentile by Number Answered
Your Score History
You have not taken this quiz